Phân tích các nhân tố ảnh hưởng đến quyết định lựa chọn dịch vụ lưu trú tại các khách sạn cao cấp của khách du lịch quốc tế tại thành phố Cần Thơ : Luận văn Thạc sĩ Kinh tế. Chuyên ngành Quản trị kinh doanh

Thông qua kiểm định 6 giả thuyết để phân tích các nhân tố ảnh hưởng đến quyết định lựa chọn dịch vụ lưu trú của du khách quốc tế tại các khách sạn cao cấp tại thành phố Cần Thơ. Đề xuất các khuyến nghị góp phần nâng cao dịch vụ, duy tri...

Ful tanımlama

Kaydedildi:
Detaylı Bibliyografya
Yazar: Đồng, Cẫm Thanh Thư
Materyal Türü: Kitap
Dil:Undetermined
Baskı/Yayın Bilgisi: Cần Thơ Trường Đại học Cần Thơ 2016
Konular:
Etiketler: Etiketle
Etiket eklenmemiş, İlk siz ekleyin!
Thư viện lưu trữ: Trung tâm Học liệu Trường Đại học Cần Thơ
LEADER 01401nam a2200217Ia 4500
001 CTU_216587
008 210402s9999 xx 000 0 und d
082 |a 658.834 
082 |b Th550 
088 |a 60340102 
100 |a Đồng, Cẫm Thanh Thư 
245 0 |a Phân tích các nhân tố ảnh hưởng đến quyết định lựa chọn dịch vụ lưu trú tại các khách sạn cao cấp của khách du lịch quốc tế tại thành phố Cần Thơ : 
245 0 |b Luận văn Thạc sĩ Kinh tế. Chuyên ngành Quản trị kinh doanh 
245 0 |c Đồng Cẫm Thanh Thư ; Lưu Thanh Đức Hải (Người hướng dẫn) 
260 |a Cần Thơ 
260 |b Trường Đại học Cần Thơ 
260 |c 2016 
520 |a Thông qua kiểm định 6 giả thuyết để phân tích các nhân tố ảnh hưởng đến quyết định lựa chọn dịch vụ lưu trú của du khách quốc tế tại các khách sạn cao cấp tại thành phố Cần Thơ. Đề xuất các khuyến nghị góp phần nâng cao dịch vụ, duy trì khách hàng cũ và thu hút khách hàng mới 
650 |a Dịch vụ khách hàng,Customer services 
904 |i Vân,Hải 
980 |a Trung tâm Học liệu Trường Đại học Cần Thơ